000 00955nam a22002537a 4500
005 20170124103026.0
010 _aA-653881
020 _c45.00
035 _aA-653881
037 _bCen Lib/Ret
040 _aDPL
_bHN
082 _a
_bशुक्लशो
100 _aशुक्ल,शोभ नाथ
_949978
245 _aगली आबाद है /
_cशोभ नाथ शुक्ल /
246 _aGali abad hai /
_bby Shobh Nath Shukla
260 _aसुलतानपुर
_bदिवेश प्रकाशन
_c1992
270 _bदिल्ली
_aश्रीराम हरिश्चन्द्र चौक
300 _a147पृ.
_c17सेमी(सजिल्द)
650 _aहिन्दी साहित्य
_962181
650 _aकहानियां
_962182
650 _aHindi literature
_962183
650 _aStories
_97500
942 _2ddc
_cHN
_h
_mशुक्लशो
999 _c115596
_d115596